LEADER 00758nam0-22003011i-450- 001 990001811080403321 005 20021010 035 $a000181108 035 $aFED01000181108 035 $a(Aleph)000181108FED01 035 $a000181108 100 $a20021010d--------km-y0itay50------ba 101 0 $aita 200 1 $aAccenni sugli zolfi$fMaria Molfino. 205 $a3. 210 $aChiavari$cTip. Argiroffo$d1885. 215 $a8 p.$d24 cm 610 0 $aZolfo 676 $a549.27 700 1$aMolfino,$bMaria$079574 801 0$aIT$bUNINA$gRICA$2UNIMARC 901 $aBK 912 $a990001811080403321 952 $a60 DONO COMES 14/25$b36806$fFAGBC 959 $aFAGBC 996 $aAccenni sugli zolfi$9410467 997 $aUNINA DB $aING01 LEADER 01880oam 2200553 450 001 9910713610503321 005 20200715082015.0 035 $a(CKB)5470000002503573 035 $a(OCoLC)966434865 035 $a(OCoLC)995470000002503573 035 $a(EXLCZ)995470000002503573 100 $a20161219d1995 ua 0 101 0 $aeng 135 $aurbn||||||||| 181 $ctxt$2rdacontent 182 $cc$2rdamedia 183 $acr$2rdacarrier 200 10$aStatistical characteristics of stream discharge in tributaries of selected estuaries in southern New Jersey /$fby R. Edward Hickman 210 1$aWest Trenton :$cU.S. Geological Survey,$d1995. 215 $a1 online resource (v, 53 pages) $cillustrations, maps 225 1 $aWater-resources investigations report ;$v91-4141 300 $a"Prepared in cooperation with the New Jersey Department of Environmental Protection." 320 $aIncludes bibliographical references (page 36). 606 $aStream measurements$zNew Jersey 606 $aEstuaries$zNew Jersey 606 $aStreamflow$zNew Jersey 606 $aEstuaries$2fast 606 $aStream measurements$2fast 606 $aStreamflow$2fast 607 $aNew Jersey$2fast 615 0$aStream measurements 615 0$aEstuaries 615 0$aStreamflow 615 7$aEstuaries. 615 7$aStream measurements. 615 7$aStreamflow. 700 $aHickman$b R. Edward$01383865 712 02$aGeological Survey (U.S.), 712 02$aNew Jersey.$bDepartment of Environmental Protection. 801 0$bCOP 801 1$bCOP 801 2$bOCLCO 801 2$bOCLCF 801 2$bOCLCA 801 2$bGPO 906 $aBOOK 912 $a9910713610503321 996 $aStatistical characteristics of stream discharge in tributaries of selected estuaries in southern New Jersey$93465714 997 $aUNINA